[Event "European Rapid 2017"]
[Site "Katowice POL"]
[Date "2017.12.17"]
[Round "7.14"]
[White "Sergeev, Vladimir"]
[Black "Bartel, Mateusz"]
[Result "0-1"]
[WhiteTitle "GM"]
[BlackTitle "GM"]
[WhiteElo "2406"]
[BlackElo "2609"]
[WhiteFideId "14101076"]
[BlackFideId "1112635"]
[EventDate "2017.12.16"]

1. d4 d5 2. Nf3 Nf6 3. c3 Bf5 4. Qb3 b6 5. Bf4 e6 6. e3 Bd6 7. Qa4+ c6 8. Ne5 b5
9. Qd1 O-O 10. Nd2 h6 11. Be2 Ne4 12. f3 Nxd2 13. Qxd2 Qc7 14. Nd3 Nd7 15. a4 a6
16. Bxd6 Qxd6 17. axb5 axb5 18. O-O Bxd3 19. Bxd3 e5 20. b4 Nb6 21. f4 e4 22.
Be2 Qe7 23. h3 Ra7 24. Qb2 Rfa8 25. Rfc1 Qh4 26. Rxa7 Rxa7 27. Ra1 Ra4 28. Rxa4
Qe1+ 29. Kh2 Nxa4 30. Qa2 Qxc3 31. Bd1 Qxe3 32. Bxa4 bxa4 33. Qxa4 Qxf4+ 34. Kh1
e3 35. Qxc6 Qf1+ 36. Kh2 e2 37. Qc8+ Kh7 38. Qe8 Qf4+ 39. Kh1 Qf1+ 40. Kh2 e1=Q 0-1

[Event "European Rapid 2017"]
[Site "Katowice POL"]
[Date "2017.12.17"]
[Round "7.15"]
[White "Lubczynski, Rafal"]
[Black "Brunello, Sabino"]
[Result "0-1"]
[WhiteTitle "IM"]
[BlackTitle "GM"]
[WhiteElo "2429"]
[BlackElo "2553"]
[WhiteFideId "1126091"]
[BlackFideId "813613"]
[EventDate "2017.12.16"]

1. Nf3 d5 2. c4 d4 3. b4 a5 4. Bb2 e5 5. Nxe5 axb4 6. Nf3 c5 7. e3 dxe3 8. fxe3
Nf6 9. Be2 Bd6 10. O-O h6 11. a3 Nc6 12. axb4 Rxa1 13. Bxa1 cxb4 14. Qc2 O-O 15.
Nh4 Ng4 16. Nf3 Qe7 17. h3 Nf6 18. Bd3 Rd8 19. Nh4 Be5 20. Bxe5 Qxe5 21. Bf5 Nd4
22. Qd3 Bxf5 23. Rxf5 Qxf5 24. Nxf5 Nf3+ 25. gxf3 Rxd3 26. Nd4 Nd7 27. Kf2 Nc5
28. Ke2 g5 29. Kd1 Kh7 30. Kc2 Kg6 31. Kb2 f5 32. Kc2 Kf6 33. Ne2 b3+ 34. Kb2 f4
35. exf4 gxf4 36. Nxf4 Rxf3 37. Nd5+ Ke5 38. Nbc3 Rxh3 39. Nb5 Rd3 40. Kc1 h5
41. Nb4 h4 0-1

[Event "European Rapid 2017"]
[Site "Katowice POL"]
[Date "2017.12.17"]
[Round "7.16"]
[White "Fressinet, Laurent"]
[Black "Polzin, Rainer"]
[Result "1-0"]
[WhiteTitle "GM"]
[BlackTitle "GM"]
[WhiteElo "2662"]
[BlackElo "2404"]
[WhiteFideId "608742"]
[BlackFideId "4610741"]
[EventDate "2017.12.16"]

1. e4 c5 2. Nf3 d6 3. Nc3 Bg4 4. Bb5+ Nd7 5. d4 cxd4 6. Qxd4 Bxf3 7. gxf3 e6 8.
Rg1 a6 9. Bg5 Qc7 10. Bxd7+ Qxd7 11. O-O-O Rc8 12. Kb1 Qc6 13. f4 Qc5 14. Qd2 f6
15. Bh4 Nh6 16. f5 exf5 17. Bg3 Be7 18. Nd5 Bd8 19. Bf4 g5 20. Be3 Qc6 21. Bd4
Ng4 22. Bc3 Nxh2 23. Qe2 Ng4 24. exf5+ Ne5 25. f4 1-0

[Event "European Rapid 2017"]
[Site "Katowice POL"]
[Date "2017.12.17"]
[Round "7.17"]
[White "Ustianovich, Nazar"]
[Black "Demidov, Mikhail"]
[Result "0-1"]
[WhiteTitle "FM"]
[BlackTitle "IM"]
[WhiteElo "2366"]
[BlackElo "2523"]
[WhiteFideId "14109778"]
[BlackFideId "4197143"]
[EventDate "2017.12.16"]

1. d4 d5 2. Nf3 Nf6 3. c4 c6 4. e3 Bf5 5. Nc3 e6 6. Nh4 Be4 7. f3 Bg6 8. Qb3 Qc7
9. Bd2 Nbd7 10. Nxg6 hxg6 11. cxd5 exd5 12. O-O-O Qb6 13. Qc2 Be7 14. Kb1 Nf8
15. Qa4 Qd8 16. Bd3 Ne6 17. h3 a6 18. Rhe1 O-O 19. Qc2 c5 20. dxc5 Nxc5 21. Ne2
Rc8 22. Bc3 Qd7 23. Qd2 Na4 24. Bd4 Rfd8 25. g4 Nc5 26. h4 Ne6 27. Bb6 Re8 28.
Bd4 Nxd4 29. Nxd4 Qa4 30. Rh1 Bb4 31. Qf2 Bc5 32. Bc2 Qb4 33. h5 g5 34. Rd3 Bxd4
35. Rxd4 Qe7 36. e4 dxe4 37. Bxe4 Rc5 38. Rhd1 Re5 39. Bf5 Re2 40. Qg3 Re5 41.
Qf2 Qc7 42. Qc2 Qb6 43. Qd2 Re2 44. Qc3 Qb5 45. Qb4 Qc6 46. f4 gxf4 47. Rxf4 Nd5
48. Qd4 Nxf4 49. Qxf4 Re1 50. Qd2 Qh1 51. Bc2 Rxd1+ 52. Bxd1 Qe4+ 53. Qc2 Qxc2+
54. Kxc2 g6 55. hxg6 fxg6 56. Bf3 Re7 57. Kd3 Kf7 58. Kd4 b6 59. b4 Kf6 60. a4
Kg5 61. b5 axb5 62. axb5 Kf4 63. Bc6 Re5 64. Bd7 Re7 65. Bc6 Re5 66. Bd7 Rc5 67.
Be8 g5 68. Bd7 Kf3 0-1

[Event "European Rapid 2017"]
[Site "Katowice POL"]
[Date "2017.12.17"]
[Round "7.18"]
[White "Kovalev, Vladislav"]
[Black "Konopka, Michal"]
[Result "1-0"]
[WhiteTitle "GM"]
[BlackTitle "IM"]
[WhiteElo "2639"]
[BlackElo "2381"]
[WhiteFideId "13504398"]
[BlackFideId "308633"]
[EventDate "2017.12.16"]

1. e4 e5 2. Nf3 Nf6 3. Nc3 Nc6 4. Bb5 Bb4 5. O-O O-O 6. d3 Bxc3 7. bxc3 d6 8.
Bg5 Qe7 9. Nd2 h6 10. Bh4 Nd8 11. a4 Ne6 12. a5 g5 13. Bg3 Bd7 14. Bc4 b5 15.
axb6 axb6 16. Re1 b5 17. Ba2 Nc5 18. d4 Na4 19. Qf3 Ra6 20. c4 Bg4 21. Qd3 Nb2
22. Qc3 Nxc4 23. dxe5 dxe5 24. Bxc4 Rxa1 25. Bxf7+ Rxf7 26. Rxa1 b4 27. Qxe5
Qxe5 28. Bxe5 c5 29. f3 Be6 30. Ra6 1-0

[Event "European Rapid 2017"]
[Site "Katowice POL"]
[Date "2017.12.17"]
[Round "7.19"]
[White "Rocha, Sergio"]
[Black "Saric, Ivan"]
[Result "1/2-1/2"]
[WhiteTitle "IM"]
[BlackTitle "GM"]
[WhiteElo "2370"]
[BlackElo "2669"]
[WhiteFideId "1900404"]
[BlackFideId "14508150"]
[EventDate "2017.12.16"]

1. Nf3 d5 2. c4 c6 3. e3 Nf6 4. b3 Bg4 5. Bb2 e6 6. Be2 Nbd7 7. h3 Bh5 8. O-O
Bd6 9. Qc1 O-O 10. Ba3 Bxa3 11. Qxa3 e5 12. Nc3 d4 13. exd4 Bxf3 14. Bxf3 exd4
15. Ne4 Ne5 16. Nxf6+ Qxf6 17. Be4 Qf4 18. Rfe1 f5 19. g3 Qh6 20. Bg2 Nd3 21.
Re7 Qxd2 22. Rf1 Qg5 23. Rxb7 f4 24. h4 Qg4 25. Qd6 Rad8 26. Qc7 Nc5 27. Rxa7
Ne6 28. Qe5 f3 29. Re1 fxg2 30. Qxe6+ Qxe6 31. Rxe6 d3 32. Ree7 Rf6 33. Rxg7+
Kf8 34. Rxh7 Rg6 35. Rhf7+ Kg8 36. Rfd7 Rd6 37. Rg7+ Kh8 38. Rh7+ Kg8 39. Rhg7+
Kh8 40. Rh7+ Kg8 1/2-1/2

[Event "European Rapid 2017"]
[Site "Katowice POL"]
[Date "2017.12.17"]
[Round "7.20"]
[White "Saric, Ante"]
[Black "Sabuk, Piotr"]
[Result "1-0"]
[WhiteTitle "GM"]
[BlackTitle "IM"]
[WhiteElo "2540"]
[BlackElo "2382"]
[WhiteFideId "14506254"]
[BlackFideId "1137565"]
[EventDate "2017.12.16"]

1. Nf3 g6 2. e4 Bg7 3. d4 d6 4. c4 Nd7 5. Nc3 e5 6. Be2 Ne7 7. O-O exd4 8. Nxd4
Nc6 9. Be3 O-O 10. Qd2 Re8 11. Rad1 Nde5 12. h3 Nxd4 13. Bxd4 c5 14. Bxc5 Be6
15. Bd4 Qh4 16. b3 f5 17. f4 Bh6 18. Be3 Nc6 19. Bf3 Rad8 20. exf5 Bxf5 21. Nd5
Bg7 22. Bf2 Qh6 23. Rfe1 Be6 24. Nc7 1-0

[Event "European Rapid 2017"]
[Site "Katowice POL"]
[Date "2017.12.17"]
[Round "7.21"]
[White "Nikitenko, Mihail"]
[Black "Tari, Aryan"]
[Result "1/2-1/2"]
[WhiteTitle "IM"]
[BlackTitle "GM"]
[WhiteElo "2361"]
[BlackElo "2593"]
[WhiteFideId "13506862"]
[BlackFideId "1510045"]
[EventDate "2017.12.16"]

1. e4 e5 2. Nf3 Nc6 3. Bb5 a6 4. Ba4 Nf6 5. O-O Be7 6. Re1 b5 7. Bb3 d6 8. c3
O-O 9. d3 Na5 10. Bc2 c5 11. Nbd2 Nc6 12. h3 Re8 13. Nf1 h6 14. Ng3 Bf8 15. a4
Be6 16. d4 cxd4 17. cxd4 Nb4 18. Bb1 bxa4 19. Rxa4 a5 20. Be3 exd4 21. Bxd4 Nd7
22. Nh5 Nc5 23. Ra3 Nc6 24. Bc3 a4 25. Bc2 d5 26. Bxa4 Rxa4 27. Rxa4 dxe4 28.
Qxd8 Rxd8 29. Raxe4 Nxe4 30. Rxe4 Bf5 31. Re1 Nb4 32. Nxg7 Bxg7 33. Bxb4 Bxb2
34. Bd2 Bg7 35. Bf4 Rd7 36. Re8+ Kh7 37. Be5 Be6 38. Bxg7 Kxg7 39. Kh2 Rd3 40.
Rb8 Bd5 41. Rd8 Kf6 42. Nh4 Kg5 43. Nf3+ Kf6 44. Rd6+ Ke7 45. Rxh6 Bxf3 46. gxf3
Rxf3 47. Kg2 Rf5 48. Rh4 Kf6 49. Rg4 Ra5 50. Kg3 Ra3+ 51. f3 Ra1 52. h4 Rh1 53.
Rg5 Rg1+ 54. Kf4 Rh1 55. Rf5+ Kg6 56. Rg5+ Kf6 57. Rg4 Rh3 58. Ke4 Rh1 59. Ke3
Rh2 60. Kf4 1/2-1/2

[Event "European Rapid 2017"]
[Site "Katowice POL"]
[Date "2017.12.17"]
[Round "7.22"]
[White "Meskovs, Nikita"]
[Black "Krzyzanowski, Marcin"]
[Result "1-0"]
[WhiteTitle "GM"]
[BlackTitle "IM"]
[WhiteElo "2538"]
[BlackElo "2457"]
[WhiteFideId "11602740"]
[BlackFideId "1132199"]
[EventDate "2017.12.16"]

1. d4 Nf6 2. c4 g6 3. Nc3 d5 4. Bg5 Bg7 5. e3 c6 6. Nf3 O-O 7. Qb3 Ne4 8. Nxe4
dxe4 9. Nd2 c5 10. d5 h6 11. Bf4 g5 12. Bxb8 Rxb8 13. Nxe4 Qa5+ 14. Nc3 b5 15.
cxb5 Bd7 16. a4 a6 17. Ra3 axb5 18. axb5 Qb4 19. Qc2 Ra8 20. Ra6 Bxb5 21. Bxb5
Bxc3+ 22. bxc3 Qxb5 23. Rxh6 f5 24. c4 Qa5+ 25. Ke2 Ra6 26. Rh5 Rg6 27. h4 g4
28. Qb2 Rg7 29. Rg5 Rf6 30. Ra1 Qc7 31. Ra8+ Kf7 32. Qb5 Rb6 33. Qe8+ Kf6 34.
Qf8+ Rf7 35. Qh8+ 1-0

[Event "European Rapid 2017"]
[Site "Katowice POL"]
[Date "2017.12.17"]
[Round "7.23"]
[White "Zawadzka, Jolanta"]
[Black "Miezis, Normunds"]
[Result "0-1"]
[WhiteTitle "WGM"]
[BlackTitle "GM"]
[WhiteElo "2424"]
[BlackElo "2434"]
[WhiteFideId "1122320"]
[BlackFideId "11600136"]
[EventDate "2017.12.16"]

1. e4 c5 2. Nf3 e6 3. d4 cxd4 4. Nxd4 a6 5. Bd3 g6 6. O-O Bg7 7. Be3 Ne7 8. c4
d6 9. Nc3 O-O 10. Qd2 Nd7 11. Rfd1 b6 12. f3 Bb7 13. Bf1 Qc7 14. Rac1 Ne5 15.
Nb3 Nc8 16. Qf2 Re8 17. h3 Nd7 18. Bd4 f6 19. Nd2 Ne7 20. Be3 f5 21. b4 Rf8 22.
exf5 Nxf5 23. Nde4 Nxe3 24. Qxe3 Be5 25. Ne2 Bxe4 26. Qxe4 Nf6 27. Qe3 Nh5 28.
c5 bxc5 29. bxc5 d5 30. Re1 Rae8 31. Rc2 Qg7 32. Qd3 Bc7 33. Qd4 Qe7 34. Nc3 Nf4
35. Kh1 Qg5 36. Qf2 Nh5 37. Ne2 e5 38. g4 Nf4 39. Nxf4 Qxf4 40. Be2 e4 41. Rc3
d4 42. Bc4+ Kh8 43. Rc2 e3 44. Qg2 Qxf3 45. Bd5 Qxg2+ 46. Kxg2 d3 47. Rb2 d2 48.
Reb1 e2 0-1

[Event "European Rapid 2017"]
[Site "Katowice POL"]
[Date "2017.12.17"]
[Round "7.24"]
[White "Mikhalchishin, Adrian"]
[Black "Sieciechowicz, Marcin"]
[Result "1/2-1/2"]
[WhiteTitle "GM"]
[BlackTitle "IM"]
[WhiteElo "2479"]
[BlackElo "2387"]
[WhiteFideId "14602385"]
[BlackFideId "1130170"]
[EventDate "2017.12.16"]

1. Nf3 Nf6 2. c4 c6 3. d4 d5 4. e3 Bf5 5. Nc3 e6 6. Nh4 Bg6 7. Nxg6 hxg6 8. g3
Nbd7 9. Qe2 Be7 10. Bg2 O-O 11. O-O dxc4 12. Qxc4 e5 13. Rd1 Qc7 14. Qe2 exd4
15. exd4 Nb6 16. Bf4 Bd6 17. Be5 Rfe8 18. f4 Nbd5 19. Nxd5 cxd5 20. Qb5 a6 21.
Qb3 Rad8 22. Bxf6 gxf6 23. Bxd5 Re7 24. Re1 Rxe1+ 25. Rxe1 Rd7 26. Kg2 Kg7 27.
Re2 Bf8 28. h4 b6 29. Qf3 Qd6 30. Bc6 Re7 31. d5 Rxe2+ 32. Qxe2 Qb4 33. h5 gxh5
34. Qxh5 Bc5 35. Qg4+ Kf8 36. Qc8+ Kg7 37. Qg4+ Kf8 1/2-1/2

[Event "European Rapid 2017"]
[Site "Katowice POL"]
[Date "2017.12.17"]
[Round "7.25"]
[White "Skliarov, Viktor"]
[Black "Stupak, Kirill"]
[Result "1/2-1/2"]
[WhiteTitle "IM"]
[BlackTitle "GM"]
[WhiteElo "2353"]
[BlackElo "2588"]
[WhiteFideId "14106736"]
[BlackFideId "13503758"]
[EventDate "2017.12.16"]

1. e4 e6 2. d4 d5 3. e5 c5 4. c3 Qb6 5. Nf3 Nc6 6. a3 f6 7. Be2 fxe5 8. dxe5 g6
9. b4 c4 10. Be3 Qc7 11. b5 Nce7 12. h4 Bd7 13. a4 Nh6 14. h5 Bg7 15. Qd2 Nef5
16. Bf4 O-O-O 17. Na3 Be8 18. Nc2 gxh5 19. Ncd4 Bf7 20. a5 Qd7 21. a6 b6 22. Nc6
Rdg8 23. Rd1 Bg6 24. Bxc4 Nf7 25. Be2 Nd8 26. Nfd4 Bf8 27. g3 Bc5 28. Bxh5 Nxc6
29. Nxc6 Ne7 30. Nxe7+ Qxe7 31. Bg5 Qf7 32. Bxg6 Qxg6 33. Be3 Qe4 34. Rh4 Qxe5
35. Ke2 h5 36. Rdh1 Rf8 37. Qd3 Rf7 38. f4 Qg7 39. Bxc5 bxc5 40. Rxh5 Rxh5 41.
Rxh5 Kc7 42. Qe3 Qg4+ 43. Qf3 Qg6 44. Kd2 Kb6 45. Re5 Rf5 46. Qe2 Rxe5 47. Qxe5
Kxb5 48. Qe2+ Kb6 49. g4 c4 50. g5 Kxa6 51. Qe5 Kb7 52. Qf6 Qd3+ 53. Ke1 Qe3+
54. Kd1 Qd3+ 55. Ke1 Qe3+ 56. Kd1 1/2-1/2

[Event "European Rapid 2017"]
[Site "Katowice POL"]
[Date "2017.12.17"]
[Round "7.26"]
[White "Warakomski, Tomasz"]
[Black "Sakalauskas, Vaidas"]
[Result "1/2-1/2"]
[WhiteTitle "GM"]
[BlackTitle "IM"]
[WhiteElo "2537"]
[BlackElo "2351"]
[WhiteFideId "1124552"]
[BlackFideId "12800457"]
[EventDate "2017.12.16"]

1. e4 c5 2. Nf3 g6 3. d4 cxd4 4. Qxd4 Nf6 5. Nc3 Nc6 6. Qa4 d6 7. e5 dxe5 8.
Nxe5 Bd7 9. Nxd7 Nxd7 10. Be3 Bg7 11. Rd1 O-O 12. Be2 Qc8 13. Nd5 Re8 14. c3 e6
15. Nb4 Nb6 16. Qb5 Nxb4 17. Qxb4 Nd5 18. Qc5 Nxe3 19. Qxe3 Qc7 20. O-O b6 21.
Rd3 Rad8 22. Rfd1 Bf6 23. g3 Rxd3 24. Rxd3 Rd8 25. Rxd8+ Qxd8 26. Qf3 1/2-1/2

[Event "European Rapid 2017"]
[Site "Katowice POL"]
[Date "2017.12.17"]
[Round "7.27"]
[White "Putka, Verners"]
[Black "Bosiocic, Marin"]
[Result "0-1"]
[BlackTitle "GM"]
[WhiteElo "2307"]
[BlackElo "2624"]
[WhiteFideId "11600659"]
[BlackFideId "14507927"]
[EventDate "2017.12.16"]

1. d4 d5 2. Nf3 e6 3. g3 b5 4. Bg2 Nf6 5. O-O Nbd7 6. Bg5 Be7 7. Nbd2 O-O 8. e3
Bb7 9. c3 c5 10. Qe2 a6 11. Rfd1 h6 12. Bxf6 Nxf6 13. Ne5 b4 14. c4 Qb8 15. Rac1
a5 16. cxd5 exd5 17. Ndf3 c4 18. Nh4 Re8 19. Nf5 Bf8 20. Qf3 Ra6 21. g4 g6 22.
Ng3 Ba8 23. h4 Qa7 24. g5 hxg5 25. hxg5 Nh7 26. Qg4 Bg7 27. Nd7 Rd6 28. Nc5 Qe7
29. e4 dxe4 30. Ncxe4 Rxd4 31. Rxd4 Bxd4 32. Rxc4 Bxb2 33. Rc8 Bb7 34. Rxe8+
Qxe8 35. Nd6 Qe1+ 36. Bf1 Bd5 37. Qc8+ Nf8 38. Qc5 Qe5 39. Nde4 Bxe4 40. Qxe5
Bxe5 41. Nxe4 a4 42. Bc4 Nd7 43. Nd2 Nb6 44. Bd3 Nd5 45. Bc2 b3 46. Nxb3 axb3
47. Bxb3 Nc7 48. Kg2 Bf4 49. Kf3 Bxg5 50. Ke4 Be7 51. f4 Kg7 52. a4 Bb4 53. Bc4
Kf6 54. Bb3 Ke7 55. Ke5 Bd6+ 56. Ke4 Ne6 57. Bc2 Bxf4 58. a5 Bb8 59. Kd5 f5 60.
Bb1 Kf6 61. Kc6 Ba7 0-1

[Event "European Rapid 2017"]
[Site "Katowice POL"]
[Date "2017.12.17"]
[Round "7.28"]
[White "Kantans, Toms"]
[Black "Ondrus, Martin"]
[Result "1/2-1/2"]
[WhiteTitle "GM"]
[WhiteElo "2484"]
[BlackElo "2261"]
[WhiteFideId "11602945"]
[BlackFideId "14913330"]
[EventDate "2017.12.16"]

1. e4 c5 2. Nf3 d6 3. d4 cxd4 4. Nxd4 Nf6 5. Nc3 a6 6. Bg5 Nbd7 7. Bc4 e6 8. Qe2
Qa5 9. f4 Be7 10. O-O-O h6 11. h4 Nb6 12. Bb3 hxg5 13. hxg5 Rxh1 14. Rxh1 Qc5
15. gxf6 Bxf6 16. Nf3 Bxc3 17. bxc3 Qxc3 18. Rh8+ Ke7 19. Qf2 Bd7 20. Rh7 Na4
21. e5 Qb2+ 22. Kd2 Qc3+ 23. Kc1 Qb2+ 24. Kd2 Qc3+ 25. Kc1 1/2-1/2

[Event "European Rapid 2017"]
[Site "Katowice POL"]
[Date "2017.12.17"]
[Round "7.29"]
[White "Laurusas, Tomas"]
[Black "Leniart, Arkadiusz"]
[Result "1-0"]
[WhiteTitle "IM"]
[BlackTitle "IM"]
[WhiteElo "2423"]
[BlackElo "2502"]
[WhiteFideId "12803731"]
[BlackFideId "1124226"]
[EventDate "2017.12.16"]

1. d4 Nf6 2. c4 e6 3. Nf3 d5 4. Bg5 a6 5. cxd5 exd5 6. Nc3 Be7 7. e3 O-O 8. Bd3
Be6 9. O-O Nbd7 10. Rc1 Re8 11. Qc2 h6 12. Bf4 c6 13. h3 Rc8 14. Rfd1 b5 15. Qe2
a5 16. a4 b4 17. Nb1 c5 18. dxc5 Nxc5 19. Bb5 Bd7 20. Ne5 Bxb5 21. Qxb5 Rb8 22.
Qe2 Qb6 23. Nd2 Bd6 24. Nec4 Qa6 25. Bxd6 Rbc8 26. Bxc5 Rxc5 27. Kf1 Rec8 28. b3
dxc4 29. Rxc4 Rxc4 30. Nxc4 Ne4 31. Qg4 Qe6 32. Qxe6 fxe6 33. Rd4 Nc5 34. Nxa5
Ra8 35. Nc6 Ra6 36. Nxb4 Rb6 37. Nd3 1-0

[Event "European Rapid 2017"]
[Site "Katowice POL"]
[Date "2017.12.17"]
[Round "7.30"]
[White "Stojcevski, Zoran"]
[Black "Jaracz, Pawel"]
[Result "1/2-1/2"]
[WhiteTitle "FM"]
[BlackTitle "GM"]
[WhiteElo "2337"]
[BlackElo "2465"]
[WhiteFideId "15000192"]
[BlackFideId "1102222"]
[EventDate "2017.12.16"]

1. e4 c5 2. Nc3 Nc6 3. f4 e6 4. Nf3 Nge7 5. d4 cxd4 6. Nxd4 Nxd4 7. Qxd4 Nc6 8.
Qf2 d5 9. Bd3 dxe4 10. Bxe4 Bd7 11. O-O Be7 12. Be3 O-O 13. Rad1 Qc8 14. Nb5 Rd8
15. c3 g6 16. Bc5 Bxc5 17. Qxc5 Na5 18. Qxc8 Raxc8 19. Nd6 Rb8 20. b4 Nc6 21.
Rd2 Kf8 22. Rfd1 Be8 23. a3 Ke7 24. c4 Rd7 25. Kf2 Nd8 26. Ke3 b6 27. h4 Rc7 28.
g3 h5 29. Bf3 Ba4 30. Rc1 Rd7 31. Ne4 Rxd2 32. Nxd2 Bc6 33. c5 b5 34. Bxc6 Nxc6
35. Ne4 a5 36. Rb1 axb4 37. axb4 Ra8 38. Nd6 Ra3+ 39. Kf2 Nd4 40. Rd1 Ra2+ 41.
Kf1 Nc2 42. Rc1 Ne3+ 43. Kg1 Rg2+ 44. Kh1 Rc2 45. Rxc2 Nxc2 46. Nxb5 Nxb4 47.
Kg2 Kd7 48. Kf3 f6 49. Nd4 Na6 50. c6+ Kd6 51. g4 hxg4+ 52. Kxg4 Kd5 53. f5
exf5+ 54. Nxf5 Kxc6 55. Ne7+ Kd6 56. Nxg6 Ke6 57. h5 Kf7 58. Kf5 Kg7 1/2-1/2

[Event "European Rapid 2017"]
[Site "Katowice POL"]
[Date "2017.12.17"]
[Round "7.31"]
[White "Klekowski, Maciej"]
[Black "Gazik, Igor"]
[Result "1-0"]
[WhiteTitle "IM"]
[BlackTitle "IM"]
[WhiteElo "2498"]
[BlackElo "2257"]
[WhiteFideId "1132717"]
[BlackFideId "14900149"]
[EventDate "2017.12.16"]

1. c4 g6 2. Nc3 Bg7 3. g3 e5 4. Bg2 d6 5. e4 f5 6. d3 Nf6 7. Nge2 O-O 8. O-O a5
9. h3 Nc6 10. Be3 Be6 11. Nd5 Qd7 12. Kh2 h5 13. exf5 Bxf5 14. Nec3 Nxd5 15.
Nxd5 Rae8 16. Nc3 Nb4 17. Ne4 Na6 18. Qd2 a4 19. b4 axb3 20. axb3 c5 21. Ra5 Nb4
22. Rfa1 Rb8 23. Nxd6 b6 24. Nxf5 gxf5 25. Ra7 Qd6 26. Bg5 Rf7 27. Rxf7 Kxf7 28.
Ra7+ Kg8 29. Be7 Qg6 30. Rd7 f4 31. Qe2 Qe6 32. Ra7 Nc6 33. Bd5 1-0

[Event "European Rapid 2017"]
[Site "Katowice POL"]
[Date "2017.12.17"]
[Round "7.32"]
[White "Goluch, Piotr"]
[Black "Sammalvuo, Tapani"]
[Result "1-0"]
[WhiteTitle "FM"]
[BlackTitle "IM"]
[WhiteElo "2308"]
[BlackElo "2416"]
[WhiteFideId "1137840"]
[BlackFideId "501115"]
[EventDate "2017.12.16"]

1. e4 e5 2. Nf3 Nc6 3. Bb5 a6 4. Ba4 Nf6 5. Bxc6 dxc6 6. d3 Nd7 7. O-O Bd6 8. b3
O-O 9. Bb2 Re8 10. Nbd2 Nf8 11. Nc4 Ng6 12. a4 c5 13. a5 Qf6 14. Re1 Bg4 15. Re3
Nh4 16. Ncd2 Rad8 17. h3 Nxf3+ 18. Nxf3 Bh5 19. Qe1 c4 20. d4 exd4 21. e5 Qg6
22. Nxd4 Bc5 23. Rg3 Bxd4 24. Rxg6 Bxb2 25. Rg5 Bg6 26. Rb1 cxb3 27. Rxb2 bxc2
28. Rxc2 Bxc2 29. Qc3 Be4 30. Qxc7 g6 31. h4 h5 32. Kh2 Rc8 33. Qb6 Re6 34. Qd4
Bc6 35. f4 Kf8 36. f5 gxf5 37. Rxh5 Kg7 38. Rg5+ Kh7 39. Rxf5 Rf8 40. Rh5+ Kg7
41. Rg5+ Kh7 42. Qd3+ Kh6 43. Qf5 1-0

[Event "European Rapid 2017"]
[Site "Katowice POL"]
[Date "2017.12.17"]
[Round "7.34"]
[White "Brodowski, Piotr"]
[Black "Terletsky, Oleg"]
[Result "0-1"]
[WhiteTitle "IM"]
[BlackTitle "FM"]
[WhiteElo "2430"]
[BlackElo "2384"]
[WhiteFideId "1124480"]
[BlackFideId "14116774"]
[EventDate "2017.12.16"]

1. c4 Nf6 2. g3 g6 3. Bg2 Bg7 4. Nc3 e5 5. Nf3 d6 6. d4 Nbd7 7. O-O O-O 8. h3
exd4 9. Nxd4 Re8 10. Be3 c6 11. Rc1 Nb6 12. b3 d5 13. c5 Nbd7 14. b4 Ne5 15. b5
Bd7 16. bxc6 bxc6 17. Qa4 Qc8 18. Kh2 Nc4 19. Bg5 Ng4+ 20. hxg4 Bxd4 21. Ne4
Bxg4 22. Nd6 Nxd6 23. cxd6 c5 24. e3 Be5 25. Bxd5 Qf5 26. d7 Red8 27. f4 Bb2 28.
Rb1 Qxd5 29. Bxd8 Qd2+ 30. Kg1 Qxe3+ 31. Kg2 Qd2+ 32. Rf2 Qd5+ 33. Kg1 Bxd7 34.
Qb3 Qxb3 35. axb3 Bd4 36. Be7 Re8 37. Re1 f5 38. Kf1 Bb5+ 39. Kg2 Kf7 40. Ra2 a6
41. Bxc5 Bxc5 42. Rxe8 Kxe8 43. Rc2 Bd6 44. Rc8+ Kf7 45. Rh8 Kg7 46. Rd8 Bb4 47.
Rb8 h5 48. Kh3 Bf1+ 49. Kh2 a5 50. Rb7+ Kh6 51. Rd7 Be2 52. Kg1 Bf3 53. Kf2 Be4
54. Rc7 Bb1 55. Rd7 Bc2 0-1

[Event "European Rapid 2017"]
[Site "Katowice POL"]
[Date "2017.12.17"]
[Round "7.35"]
[White "Valsecchi, Alessio"]
[Black "Stauskas, Lukas"]
[Result "1/2-1/2"]
[WhiteTitle "IM"]
[WhiteElo "2501"]
[BlackElo "2349"]
[WhiteFideId "818860"]
[BlackFideId "12808148"]
[EventDate "2017.12.16"]

1. Nf3 c5 2. c4 Nf6 3. g3 d5 4. cxd5 Nxd5 5. Nc3 Nc6 6. Bg2 Nc7 7. O-O e5 8. a3
Rb8 9. d3 Be7 10. Bd2 O-O 11. Rc1 Bd7 12. e3 Bf5 13. Ne4 Qxd3 14. Nxc5 Bxc5 15.
Rxc5 Rbd8 16. Qc1 e4 17. Nd4 Nxd4 18. exd4 Ne6 19. Rc3 Qxd4 20. Be3 Qa4 21. Rc4
Qa6 22. Bxe4 Bxe4 23. Rxe4 Rc8 24. Qd1 Rfd8 25. Qa4 Qxa4 26. Rxa4 a6 27. Rb4 Rd7
28. Kg2 f6 29. Re1 Rc2 30. h4 Kf7 31. Rb6 Nc5 32. Bxc5 Rxc5 33. Re3 Rc2 34. Reb3
Rdd2 35. Rxb7+ Kg6 36. Rf3 Rxb2 37. Ra7 Rb6 38. Rf4 h5 39. g4 hxg4 40. Rxg4+ Kf5
41. Rg3 g5 42. h5 g4 43. Rc3 Rbb2 44. Rc5+ Kf4 45. Rc4+ Kf5 46. Rc5+ Kf4 47.
Rc4+ Kf5 48. Rc5+ 1/2-1/2

[Event "European Rapid 2017"]
[Site "Katowice POL"]
[Date "2017.12.17"]
[Round "7.36"]
[White "Feuerstack, Aljoscha"]
[Black "Zaksaite, Salomeja"]
[Result "0-1"]
[WhiteTitle "IM"]
[BlackTitle "WIM"]
[WhiteElo "2438"]
[BlackElo "2278"]
[WhiteFideId "4681932"]
[BlackFideId "12801496"]
[EventDate "2017.12.16"]

1. e4 e5 2. d4 exd4 3. Qxd4 Nc6 4. Qe3 Nf6 5. Bd2 Bb4 6. Nc3 Qe7 7. O-O-O O-O 8.
Bd3 Ne5 9. Be2 d6 10. h3 c6 11. g4 Be6 12. g5 Nfd7 13. Qg3 Nc4 14. Bf4 Nde5 15.
Nb1 Ng6 16. Bxc4 Bxc4 17. Bxd6 Bxd6 18. Rxd6 Qxe4 19. Nf3 Nf4 20. Qg4 Be6 21.
Rd4 Ne2+ 22. Kd2 Bxg4 0-1

[Event "European Rapid 2017"]
[Site "Katowice POL"]
[Date "2017.12.17"]
[Round "7.37"]
[White "Krainski, Aleksander"]
[Black "Dobrowolski, Piotr"]
[Result "0-1"]
[WhiteTitle "FM"]
[BlackTitle "IM"]
[WhiteElo "2203"]
[BlackElo "2421"]
[WhiteFideId "1102400"]
[BlackFideId "1106236"]
[EventDate "2017.12.16"]

1. e4 e6 2. d4 d5 3. Nd2 Be7 4. e5 c5 5. c3 Nc6 6. Ndf3 Qb6 7. Bd3 cxd4 8. cxd4
Bb4+ 9. Kf1 Bd7 10. Ne2 f6 11. a3 fxe5 12. dxe5 Bc5 13. Nc3 Qc7 14. b4 Be7 15.
Nb5 Qb8 16. Bf4 Nh6 17. Nfd4 Nxd4 18. Nxd4 Nf7 19. h4 a5 20. b5 Bc5 21. Nb3 Bb6
22. Qg4 a4 23. Nd2 Bd4 24. Re1 Qa7 25. Nf3 Bxf2 26. b6 Bxb6 27. Qxg7 O-O-O 28.
Ng5 Nxg5 29. Bxg5 Rdf8+ 30. Bf6 Rhg8 31. Rc1+ Bc6 32. Qxh7 Qa5 33. Qe7 Kb8 34.
Qb4 Qxb4 35. axb4 Bd8 36. b5 Bxf6 37. exf6 Rxf6+ 38. Kg1 Be8 39. Re1 a3 40. Ra1
Rf3 41. Be2 Rb3 42. h5 Rb2 43. Bf1 a2 44. h6 Bxb5 45. h7 Rh8 46. Rxa2 Rxa2 47.
Bxb5 Ra1+ 48. Bf1 Kc7 49. g4 Kd6 50. g5 Ke7 51. Kf2 e5 52. Rh6 Rf8+ 53. Rf6 Raa8 0-1